000 01026nam a2200277Ia 4500
003 OSt
005 20221005110656.0
006 a|||||r|||| 00| 0
007 ta
008 221004b |||||||| |||| 00| 0 hin d
020 _a9788126706075 (hbk)
_c250
024 _a15931
037 _bBR6202, 25/12/2014, Rajkamal Prakashan Pvt. Ltd.
_cTextual
040 _aCRL
_cCRL
_bhin
041 _2hin
_ahin
082 _aVvN, 152P2
100 _aमुबारक अली
245 0 _aइतिहास का मतान्तर
246 _aItihās kā matāntara
260 _aनई दिल्ली
_bराजकमल प्रकाशन भारत
_c2010
300 _a147पृ0
_ccm.
650 _aविश्व-इतिहास
700 _a कपूर, प्रेम, अनु.
942 _hVvN, 152P2
_cTEXL
_2cc
999 _c1019557
_d1019557